000 00578nam a22001937a 4500
005 20251108170522.0
008 250721s1997 xx 000 0 ara d
082 1 4 _a575.1200285/أند
100 1 _aأندرسون، والترتروت
245 1 0 _aعصر الجينات و الإلكترونات /
264 _bإلياس للطباعة و النشر،
_c1997.
300 _a318ص
650 1 7 _aعلم الوراثة
650 1 7 _aالحواسيب
650 1 7 _aالجينات
700 1 _aمستجير، أحمد
_eترجمة
942 _2ddc
_cBK
999 _c42467
_d42467